Najbardziej zalesione państwa UE [%] - Statystyki

Ogólne statystyki
  • Ten quiz został rozwiązany 442 razy
  • Średni wynik to 12 z 15
Statystyki odpowiedzi
Zalesienie % Państwo % Poprawnych
68,4 Szwecja
95%
73,1 Finlandia
93%
32,8 Niemcy
90%
34,5 Czechy
86%
40,3 Słowacja
86%
34,8 Litwa
85%
49,3 Estonia
84%
54,0 Łotwa
83%
36,9 Hiszpania
81%
35,3 Portugalia
80%
62,0 Słowenia
78%
46,9 Austria
76%
34,3 Chorwacja
71%
35,2 Bułgaria
64%
33,5 Luksemburg
51%
Nie znaleziono quizów pasujących do podanych kryteriów
Rozkład punktacji
Procent ludzi z każdym wynikiem
Percentyl według liczby udzielonych odpowiedzi
Twoja historia wyników
Nie rozwiązałeś tego quizu